Normal view
MARC view
- Sessler, Gloria Jean
Entry Personal Name
001 - CONTROL NUMBER
- control field: 100514
003 - CONTROL NUMBER IDENTIFIER
- control field: NUST
005 - DATE AND TIME OF LATEST TRANSACTION
- control field: 20221017142443.0
008 - FIXED-LENGTH DATA ELEMENTS
- fixed length control field: 221017|| aca||aabn | a|a d
040 ## - CATALOGING SOURCE
- Original cataloging agency: NUST
- Transcribing agency: NUST
100 ## - HEADING--PERSONAL NAME
- Personal name: Sessler, Gloria Jean
670 ## - SOURCE DATA FOUND
- Source citation: Work cat.: (NUST)183163: Sessler, Gloria Jean., Stroke :, c1981.
